00393nam a2200157Ia 45000010006000000050017000060080041000230410008000640820017000721000029000892450064001182600009001823000028001916500008002196540008002272253720260414150838.0260414t2015||||xx |||||||||||||| ||spa|| aESP a621.382bG48 aGiordano, Arthur A.eAUT 0aModeling of digital communications systems using Simulinkb c2015 a377 páginas :c24 cm. aTCA aCET